Szczegóły MARC
| 000 -Nagłówek |
| fixed length control field |
02429cam a2200517 i 4500 |
| 001 - Nr kontrolny bibl., która utworzyła rek. |
| control field |
xx004909709 |
| 003 - Siglum bibl., której nr kontr. jest w 001 |
| control field |
NUKAT |
| 005 - Data i czas ostatniej operacji |
| control field |
20260428130409.0 |
| 008 - Elementy pola stałej długości |
| fixed length control field |
200717s2020 pl g |101 0 pol c |
| 020 ## - ISBN |
| ISBN |
9788380988729 |
| dopowiedzenie |
(oprawa twarda) : |
| warunki dostępności |
zł 30,00 |
| 035 ## - Systemowy numer kontrolny |
| systemowy numer kontrolny |
(OCoLC)1183368839 |
| 035 ## - Systemowy numer kontrolny |
| systemowy numer kontrolny |
(NUKAT)xx004909709 |
| 040 ## - Instytucja sporządzająca opis |
| Instytucja, która sporządziła opis |
WR U/AKA |
| język katalgowania-trzyzn. kod |
pol |
| zasady opisu |
rda |
| Instytucja, która sporządziła rekord |
WR U/AKAs |
| Instytucja, która zmodyfikowała rekord |
WR U/bk |
| -- |
WR U/AKAs |
| -- |
WA 14/MBs |
| -- |
OLSZT 008/bak |
| 045 2# - Okres czasu dla zawartości |
| czas między r. 9999 pne a nasz. czas. |
d1953 |
| -- |
d1982 |
| 046 ## - Kod rodz. daty, data1, data2 (daty pne) |
| Begin/single date |
2020 |
| 245 00 - Tytuł właściwy i oznaczenie odpow. |
| tytuł |
Miasta buntu w imperium sowieckim : |
| dodatek do tytułu |
konteksty radomskiego Czerwca 1976 roku / |
| dod. inf. ze s. tyt./ozn. odpow. |
pod redakcją Arkadiusza Kutkowskiego i Sebastiana Piątkowskiego ; Instytut Pamięci Narodowej - Komisja Ścigania Zbrodni przeciwko Narodowi Polskiemu. Oddział w Lublinie. |
| 246 30 - Inne formy tytułu, wariant tytułu |
| tytuł |
Konteksty radomskiego Czerwca 1976 roku |
| 260 ## - Adres wydawniczy |
| miejsce wydania, dystrybucji itp. |
Lublin ; |
| -- |
Warszawa : |
| nazwa wydawcy, dystrybutora itp. |
Instytut Pamięci Narodowej Komisja Ścigania Zbrodni przeciwko Narodowi Polskiemu Oddział w Lublinie, |
| data wydania, dystrybucji itp. |
2020. |
| 300 ## - Opis fizyczny |
| objętość i/lub forma materiału |
280 stron ; |
| format |
25 cm. |
| 336 ## - Content Type |
| Term |
Tekst |
| Code |
txt |
| Source |
rdacontent |
| 337 ## - Media Type |
| Term |
Bez urządzenia pośredniczącego |
| Code |
n |
| Source |
rdamedia |
| 338 ## - Carrier Type |
| Term |
Wolumin |
| Code |
nc |
| Source |
rdacarrier |
| 380 ## - Form of work |
| Form of work |
Książki |
| 380 ## - Form of work |
| Form of work |
Publikacje naukowe |
| 388 1# - TIME PERIOD OF CREATION |
| Time period of creation term |
2001- |
| 500 ## - Uwaga ogólna |
| uwaga ogólna |
Materiały z konferencji naukowej, Radom, 13-14 czerwca 2016 r. |
| 504 ## - Uwaga o bibliografii |
| uwaga o bibliografii |
Indeksy. |
| 648 #7 - SUBJECT ADDED ENTRY--CHRONOLOGICAL TERM |
| Chronological term |
1901-2000 |
| Source of heading or term |
DBN |
| 9 (RLIN) |
34996 |
| 648 #7 - SUBJECT ADDED ENTRY--CHRONOLOGICAL TERM |
| Chronological term |
1945-1989 |
| Source of heading or term |
DBN |
| 9 (RLIN) |
36043 |
| 650 #7 - Hasło przedmiotowe-nazwa pospolita |
| nazwa pospolita lub geogr. |
Wydarzenia w Polsce (1976) |
| źródło hasła |
DBN |
| 9 (RLIN) |
39773 |
| 650 #7 - Hasło przedmiotowe-nazwa pospolita |
| nazwa pospolita lub geogr. |
Opór wobec władzy |
| określnik geograficzny |
Europa Środkowa |
| określnik chronologiczny |
1945-1990 |
| określnik formy |
konferencje. |
| źródło hasła |
kaba |
| 9 (RLIN) |
40800 |
| 650 #7 - Hasło przedmiotowe-nazwa pospolita |
| nazwa pospolita lub geogr. |
Opór wobec władzy |
| określnik geograficzny |
Europa Wschodnia |
| określnik chronologiczny |
1945-1990 |
| określnik formy |
konferencje. |
| źródło hasła |
kaba |
| 9 (RLIN) |
40801 |
| 650 #7 - Hasło przedmiotowe-nazwa pospolita |
| nazwa pospolita lub geogr. |
Miasta |
| określnik geograficzny |
Europa Środkowa |
| określnik chronologiczny |
1990- |
| określnik formy |
konferencje. |
| źródło hasła |
kaba |
| 9 (RLIN) |
40802 |
| 650 #7 - Hasło przedmiotowe-nazwa pospolita |
| nazwa pospolita lub geogr. |
Opór wobec władzy |
| określnik geograficzny |
Gruzja |
| określnik chronologiczny |
1945-1970 |
| określnik formy |
konferencje. |
| źródło hasła |
kaba |
| 9 (RLIN) |
40803 |
| 651 #7 - Hasło przedmiotowe-nazwa geogr. |
| nazwa geograficzna |
Europa Środkowo-Wschodnia |
| źródło hasła |
DBN |
| 9 (RLIN) |
35065 |
| 651 #7 - Hasło przedmiotowe-nazwa geogr. |
| nazwa geograficzna |
Polska |
| źródło hasła |
DBN |
| 9 (RLIN) |
35076 |
| 651 #7 - Hasło przedmiotowe-nazwa geogr. |
| nazwa geograficzna |
Polska |
| określnik chronologiczny |
1976 (Wydarzenia czerwcowe) |
| określnik formy |
konferencje. |
| źródło hasła |
kaba |
| 9 (RLIN) |
40804 |
| 655 #7 - Termin określający rodzaj/formę |
| rodzaj/forma |
Materiały konferencyjne |
| źródło terminu |
DBN |
| 9 (RLIN) |
36310 |
| 655 #7 - Termin określający rodzaj/formę |
| rodzaj/forma |
Praca zbiorowa |
| źródło terminu |
DBN |
| 9 (RLIN) |
35107 |
| 658 ## - Nazwa określająca cel programu nauczania |
| główny cel programu nauczania |
Historia |
| 700 1# - Hasło dodatkowe - nazwa osobowa |
| nazwa osobowa |
Kutkowski, Arkadiusz. |
| rodzaj współpracy |
Redakcja |
| 9 (RLIN) |
14494 |
| 700 1# - Hasło dodatkowe - nazwa osobowa |
| nazwa osobowa |
Piątkowski, Sebastian |
| daty biograficzne |
(1970- ). |
| rodzaj współpracy |
Redakcja |
| 9 (RLIN) |
16263 |
| 710 2# - Hasło dodatkowe - nazwa ciała zbior. |
| nazwa ciała zbior. lub nazwa geogr. |
Instytut Pamięci Narodowej - Komisja Ścigania Zbrodni przeciwko Narodowi Polskiemu. |
| nazwa jednostki podrzędnej |
Oddział (Lublin). |
| rodzaj współpracy |
Instytucja sprawcza |
| -- |
Wydawca |
| kod rodzaju współpracy |
pbl |
| 9 (RLIN) |
14495 |
| 920 ## - ISBN |
| ISBN |
978-83-8098-872-9 (oprawa twarda) : zł 30,00 |
| 942 ## - ADDED ENTRY ELEMENTS (KOHA) |
| Source of classification or shelving scheme |
Dewey Decimal Classification |
| Koha item type |
pozycje dostępne na miejscu |